[Event "RUS-ch rapid (Women)"]
[Site "Sochi"]
[Date "2016.10.03"]
[Round "9"]
[White "Pogonina, Natalija"]
[Black "Kosteniuk, Alexandra"]
[Result "0-1"]
[WhiteElo "2484"]
[BlackElo "2537"]
[PlyCount "88"]
[EventDate "2016.10.02"]
[EventType "swiss (rapid)"]
[EventRounds "10"]
[EventCountry "RUS"]
[SourceTitle "CBM 174 Extra"]
[Source "ChessBase"]
[SourceDate "2016.10.10"]
[SourceVersion "1"]
[SourceVersionDate "2016.10.10"]
[SourceQuality "1"]

1. d4 Nf6 2. c4 Nc6 3. Nf3 e6 4. e3 d6 5. Nc3 g6 6. d5 Nb8 7. e4 Bg7 8. Be2 O-O
9. O-O exd5 10. exd5 Nbd7 11. h3 Nc5 12. Nd4 a5 13. Bg5 h6 14. Be3 Re8 15. Bf3
Bd7 16. Qd2 Kh7 17. Rab1 Nce4 18. Nxe4 Nxe4 19. Qd3 Ng5 20. Be2 c5 21. dxc6
bxc6 22. Bg4 Bxg4 23. hxg4 Rc8 24. Rbd1 Ne4 25. Bf4 Qh4 26. Qf3 d5 27. Bh2 Nf6
28. cxd5 cxd5 29. Nb5 Rc2 30. Nd6 Ree2 31. Rde1 Rxe1 32. Rxe1 Qxg4 33. Qd3 Qb4
34. Rd1 Qxb2 35. Bg3 Rc1 36. Nxf7 Qa1 37. Rxc1 Qxc1+ 38. Qf1 Qc2 39. Be5 Ng4
40. Bxg7 Kxg7 41. Nd6 Kh7 42. Qe1 Qc7 43. f3 Qc5+ 44. Kh1 Nf2+ 0-1

[Event "RUS-ch rapid (Women)"]
[Site "Sochi"]
[Date "2016.10.03"]
[Round "10"]
[White "Kosteniuk, Alexandra"]
[Black "Charochkina, Daria"]
[Result "1-0"]
[WhiteElo "2537"]
[BlackElo "2366"]
[PlyCount "81"]
[EventDate "2016.10.02"]
[EventType "swiss (rapid)"]
[EventRounds "10"]
[EventCountry "RUS"]
[SourceTitle "CBM 174 Extra"]
[Source "ChessBase"]
[SourceDate "2016.10.10"]
[SourceVersion "1"]
[SourceVersionDate "2016.10.10"]
[SourceQuality "1"]

1. e4 c5 2. Nf3 Nc6 3. d4 cxd4 4. Nxd4 e6 5. Nc3 d6 6. Be3 Nf6 7. Be2 Be7 8.
O-O O-O 9. f4 Qc7 10. Kh1 a6 11. Qe1 Nxd4 12. Bxd4 b5 13. a3 Bb7 14. Qg3 Bc6
15. Rae1 Rad8 16. Bd3 Qd7 17. b4 Nh5 18. Qg4 Nf6 19. Qh3 e5 20. fxe5 Qxh3 21.
gxh3 dxe5 22. Bxe5 Rfe8 23. Bg3 Nh5 24. Kg2 Bf6 25. Nd5 Bxd5 26. exd5 Nxg3 27.
hxg3 Bc3 28. Rxe8+ Rxe8 29. Rf3 Bb2 30. c4 Bxa3 31. cxb5 Bxb4 32. bxa6 Bc5 33.
Rf1 Kf8 34. Rc1 Bd4 35. Rc4 Be3 36. Rc7 Bd4 37. Bc4 Rd8 38. a7 Ra8 39. d6 Bb6
40. Rxf7+ Ke8 41. d7+ 1-0

[Event "RUS-ch blitz (Women)"]
[Site "Sochi"]
[Date "2016.10.04"]
[Round "1.1"]
[White "Kosteniuk, Alexandra"]
[Black "Travkina, Anastasia"]
[Result "1/2-1/2"]
[WhiteElo "2537"]
[BlackElo "2292"]
[PlyCount "49"]
[EventDate "2016.10.04"]
[EventType "swiss (blitz)"]
[EventRounds "22"]
[EventCountry "RUS"]
[SourceTitle "EXT 2017"]
[Source "ChessBase"]
[SourceDate "2016.10.25"]
[SourceVersion "1"]
[SourceVersionDate "2016.10.25"]
[SourceQuality "1"]

1. e4 e5 2. Nf3 Nc6 3. Bb5 g6 4. O-O Bg7 5. c3 a6 6. Ba4 Nge7 7. d4 exd4 8.
cxd4 b5 9. Bc2 d6 10. d5 Na5 11. Bd2 Bxb2 12. Bxa5 Bxa1 13. Nc3 Bxc3 14. Bxc3
O-O 15. Bf6 Qd7 16. Qd2 Qd8 17. Nd4 Bb7 18. f4 h6 19. f5 Kh7 20. Rf3 Qd7 21.
Rh3 Ng8 22. Bg5 h5 23. e5 dxe5 24. fxg6+ fxg6 25. Ne6 1/2-1/2

[Event "RUS-ch blitz (Women)"]
[Site "Sochi"]
[Date "2016.10.04"]
[Round "2.1"]
[White "Travkina, Anastasia"]
[Black "Kosteniuk, Alexandra"]
[Result "1-0"]
[WhiteElo "2292"]
[BlackElo "2537"]
[PlyCount "69"]
[EventDate "2016.10.04"]
[EventType "swiss (blitz)"]
[EventRounds "22"]
[EventCountry "RUS"]
[SourceTitle "EXT 2017"]
[Source "ChessBase"]
[SourceDate "2016.10.25"]
[SourceVersion "1"]
[SourceVersionDate "2016.10.25"]
[SourceQuality "1"]

1. e4 e5 2. Nf3 Nc6 3. Bc4 Bc5 4. b4 Bxb4 5. c3 Ba5 6. d4 d6 7. Qb3 Qd7 8. dxe5
Bb6 9. O-O Na5 10. Qb4 Nxc4 11. Qxc4 Ne7 12. exd6 cxd6 13. Ba3 Qc6 14. Qd3 Bc5
15. Bb2 O-O 16. c4 Ng6 17. Nbd2 Nf4 18. Qc2 Qd7 19. h3 Qe6 20. e5 dxe5 21. Bxe5
Ng6 22. Bb2 Qf5 23. Qc3 f6 24. Rfe1 Bd6 25. Ne4 Bc7 26. Ng3 Bxg3 27. fxg3 Bd7
28. Nd4 Qg5 29. Kh2 Rfc8 30. Ne6 Bxe6 31. Rxe6 Qc5 32. Rae1 h5 33. Rxf6 Ne5 34.
Rxe5 Qxc4 35. Re8+ 1-0

[Event "RUS-ch blitz (Women)"]
[Site "Sochi"]
[Date "2016.10.04"]
[Round "3.12"]
[White "Gorovenko, Darya"]
[Black "Kosteniuk, Alexandra"]
[Result "0-1"]
[WhiteElo "2060"]
[BlackElo "2537"]
[PlyCount "48"]
[EventDate "2016.10.04"]
[EventType "swiss (blitz)"]
[EventRounds "22"]
[EventCountry "RUS"]
[SourceTitle "EXT 2017"]
[Source "ChessBase"]
[SourceDate "2016.10.25"]
[SourceVersion "1"]
[SourceVersionDate "2016.10.25"]
[SourceQuality "1"]

1. d4 Nf6 2. Nf3 e6 3. c4 Nc6 4. g3 d5 5. cxd5 exd5 6. Bg2 Bb4+ 7. Bd2 Bxd2+ 8.
Nbxd2 O-O 9. O-O Re8 10. e3 Bf5 11. Rc1 a5 12. a3 a4 13. Nb1 Ne4 14. Nc3 Nxc3
15. Rxc3 Ra5 16. Qd2 Qa8 17. Rfc1 Rb5 18. Bf1 Rb6 19. Bd3 Bg4 20. Ne5 Nxe5 21.
dxe5 c6 22. f4 Qa7 23. Qc2 h6 24. e4 Rxb2+ 0-1

[Event "RUS-ch blitz (Women)"]
[Site "Sochi"]
[Date "2016.10.04"]
[Round "4.12"]
[White "Kosteniuk, Alexandra"]
[Black "Gorovenko, Darya"]
[Result "1-0"]
[WhiteElo "2537"]
[BlackElo "2060"]
[PlyCount "85"]
[EventDate "2016.10.04"]
[EventType "swiss (blitz)"]
[EventRounds "22"]
[EventCountry "RUS"]
[SourceTitle "EXT 2017"]
[Source "ChessBase"]
[SourceDate "2016.10.25"]
[SourceVersion "1"]
[SourceVersionDate "2016.10.25"]
[SourceQuality "1"]

1. e4 c5 2. Nf3 d6 3. Bb5+ Nd7 4. c3 Ngf6 5. Qe2 a6 6. Ba4 b5 7. Bc2 Bb7 8. O-O
e6 9. a4 b4 10. d4 Be7 11. Nbd2 O-O 12. e5 dxe5 13. dxe5 Nd5 14. Ne4 h6 15. c4
N5b6 16. b3 a5 17. Bb2 Qc7 18. Rad1 Rfd8 19. Nd6 Rab8 20. Nxb7 Qxb7 21. Nd2 Nf8
22. Ne4 Qc7 23. Nd6 Rd7 24. Qf3 Bxd6 25. exd6 Qd8 26. Qg3 Qg5 27. Qf3 Rbd8 28.
Qc6 Nc8 29. f4 Qg4 30. Qxc5 Nxd6 31. h3 Qe2 32. Qe5 Qxe5 33. Bxe5 Nb7 34. Rxd7
Rxd7 35. Rd1 Nc5 36. Rxd7 Nfxd7 37. Bc7 f6 38. Bxa5 e5 39. fxe5 fxe5 40. Bxb4
e4 41. Kf2 Kf7 42. Ke3 Ke6 43. Kd4 1-0

[Event "RUS-ch blitz (Women)"]
[Site "Sochi"]
[Date "2016.10.04"]
[Round "5.5"]
[White "Kosteniuk, Alexandra"]
[Black "Nebolsina, Vera"]
[Result "1-0"]
[WhiteElo "2537"]
[BlackElo "2219"]
[PlyCount "61"]
[EventDate "2016.10.04"]
[EventType "swiss (blitz)"]
[EventRounds "22"]
[EventCountry "RUS"]
[SourceTitle "EXT 2017"]
[Source "ChessBase"]
[SourceDate "2016.10.25"]
[SourceVersion "1"]
[SourceVersionDate "2016.10.25"]
[SourceQuality "1"]

1. e4 g6 2. d4 Bg7 3. Nc3 d6 4. Be3 a6 5. Qd2 b5 6. Bd3 Nd7 7. Nf3 c5 8. O-O
Bb7 9. a4 c4 10. Be2 b4 11. Nd5 Ngf6 12. Qxb4 Rb8 13. Qxc4 Nxe4 14. Nc7+ Kf8
15. Nxa6 Rc8 16. Qb3 Ba8 17. c3 h6 18. Nb4 Qa5 19. Bc4 e6 20. Bb5 Ndf6 21. Qa3
Ke7 22. Nd3 g5 23. Rfe1 g4 24. Nd2 Nxd2 25. Bxd2 Ne4 26. Bf4 Rhd8 27. Rac1 f5
28. Nb4 Qb6 29. Ba6 Rc7 30. Bd3 Nf6 31. Bxf5 1-0

[Event "RUS-ch blitz (Women)"]
[Site "Sochi"]
[Date "2016.10.04"]
[Round "6.5"]
[White "Nebolsina, Vera"]
[Black "Kosteniuk, Alexandra"]
[Result "1/2-1/2"]
[WhiteElo "2219"]
[BlackElo "2537"]
[PlyCount "107"]
[EventDate "2016.10.04"]
[EventType "swiss (blitz)"]
[EventRounds "22"]
[EventCountry "RUS"]
[SourceTitle "EXT 2017"]
[Source "ChessBase"]
[SourceDate "2016.10.25"]
[SourceVersion "1"]
[SourceVersionDate "2016.10.25"]
[SourceQuality "1"]

1. c4 Nf6 2. g3 e6 3. Bg2 d5 4. Nf3 Be7 5. b3 O-O 6. O-O b6 7. Bb2 Bb7 8. e3 c5
9. Qe2 Nbd7 10. d4 cxd4 11. exd4 Re8 12. Nbd2 Bf8 13. Rfd1 Rc8 14. Rac1 g6 15.
Ne5 a5 16. a3 Bg7 17. Nf1 Ne4 18. Ne3 f5 19. f4 Ba6 20. Bxe4 fxe4 21. Qg2 Nf6
22. c5 bxc5 23. dxc5 Qc7 24. Bd4 Rb8 25. Qb2 Nh5 26. Qc3 Bf8 27. b4 axb4 28.
axb4 Bb5 29. N5g4 Ra8 30. Ra1 Qb7 31. Nf6+ Nxf6 32. Bxf6 Rxa1 33. Rxa1 Ra8 34.
Bd4 Ra6 35. Ng4 Rxa1+ 36. Qxa1 Bc6 37. Qa5 Be7 38. Ne5 e3 39. Bxe3 d4 40. Bxd4
Bh1 41. c6 Bxc6 42. Nxc6 Qxc6 43. Qe5 Qc1+ 44. Kg2 Qc6+ 45. Kh3 Kf7 46. b5 Qf3
47. b6 h5 48. Qg7+ Ke8 49. Qe5 Kd7 50. Qc7+ Ke8 51. Qe5 Kd7 52. Qc7+ Ke8 53.
Qe5 Kd7 54. Qc7+ 1/2-1/2

[Event "RUS-ch blitz (Women)"]
[Site "Sochi"]
[Date "2016.10.04"]
[Round "7.4"]
[White "Goryachkina, Aleksandra"]
[Black "Kosteniuk, Alexandra"]
[Result "0-1"]
[WhiteElo "2460"]
[BlackElo "2537"]
[PlyCount "122"]
[EventDate "2016.10.04"]
[EventType "swiss (blitz)"]
[EventRounds "22"]
[EventCountry "RUS"]
[SourceTitle "EXT 2017"]
[Source "ChessBase"]
[SourceDate "2016.10.25"]
[SourceVersion "1"]
[SourceVersionDate "2016.10.25"]
[SourceQuality "1"]

1. c4 Nf6 2. Nc3 e5 3. g3 Nc6 4. Bg2 Bc5 5. Nf3 d6 6. O-O O-O 7. e3 a6 8. d4
Ba7 9. h3 Re8 10. dxe5 Nxe5 11. Nxe5 Rxe5 12. b3 Re8 13. Bb2 Rb8 14. Qd2 Bf5
15. Rad1 Qc8 16. Kh2 b5 17. cxb5 axb5 18. Nd5 Nxd5 19. Qxd5 Qe6 20. Qc6 Bb6 21.
Qc3 Qh6 22. b4 Re5 23. a3 f6 24. Qc1 Ree8 25. Rfe1 Be6 26. Qc3 Qg5 27. f4 Qh5
28. Rc1 Bc4 29. Rc2 Re7 30. a4 Rbe8 31. axb5 Bxb5 32. e4 Bd7 33. Qb3+ Be6 34.
Qc3 Bf7 35. Rce2 Qb5 36. Rd2 Qc4 37. Qxc4 Bxc4 38. Bc3 Bb5 39. e5 fxe5 40. fxe5
dxe5 41. Bd5+ Kh8 42. Be4 Bd4 43. Bxd4 exd4 44. Rxd4 g6 45. Bd3 Rxe1 46. Bxb5
Rb8 47. Bc6 Re2+ 48. Kg1 Rc2 49. b5 Rf8 50. Rd7 Re8 51. Kf1 Rc8 52. Re7 Rc3 53.
Kg2 Rd8 54. Re8+ Rxe8 55. Bxe8 Kg7 56. g4 Kf6 57. Bd7 g5 58. Bc6 h6 59. Bd7 Ke5
60. Bc6 Kf4 61. Bd7 Rc2+ 0-1

[Event "RUS-ch blitz (Women)"]
[Site "Sochi"]
[Date "2016.10.04"]
[Round "8.4"]
[White "Kosteniuk, Alexandra"]
[Black "Goryachkina, Aleksandra"]
[Result "1/2-1/2"]
[WhiteElo "2537"]
[BlackElo "2460"]
[PlyCount "87"]
[EventDate "2016.10.04"]
[EventType "swiss (blitz)"]
[EventRounds "22"]
[EventCountry "RUS"]
[SourceTitle "EXT 2017"]
[Source "ChessBase"]
[SourceDate "2016.10.25"]
[SourceVersion "1"]
[SourceVersionDate "2016.10.25"]
[SourceQuality "1"]

1. e4 Nf6 2. e5 Nd5 3. d4 d6 4. Nf3 dxe5 5. Nxe5 c6 6. Be2 Bf5 7. O-O Nd7 8.
Nf3 e6 9. h3 Be7 10. c4 N5f6 11. Nc3 h6 12. Be3 O-O 13. Qd2 Bh7 14. Rfd1 Rc8
15. a3 Ne4 16. Nxe4 Bxe4 17. b4 Nf6 18. Qb2 b5 19. Nd2 bxc4 20. Nxe4 Nxe4 21.
Bxc4 Nf6 22. Rac1 Nd5 23. Qe2 Qd6 24. Qg4 f5 25. Qf3 Kh8 26. Re1 Nxe3 27. Qxe3
Bg5 28. Qxe6 Qxe6 29. Bxe6 Bxc1 30. Bxc8 Bxa3 31. Bd7 Bxb4 32. Re8 Rxe8 33.
Bxe8 c5 34. dxc5 Bxc5 35. Kf1 g5 36. g4 f4 37. f3 Kg7 38. Ke2 Kf6 39. Kd3 Ke5
40. Bc6 a5 41. Ba4 Be3 42. Kc4 Bd2 43. Bb5 Be1 44. Ba4 1/2-1/2

[Event "RUS-ch blitz (Women)"]
[Site "Sochi"]
[Date "2016.10.04"]
[Round "9.3"]
[White "Kosteniuk, Alexandra"]
[Black "Gubernatorova, Lyudmila"]
[Result "1-0"]
[WhiteElo "2537"]
[BlackElo "2200"]
[PlyCount "67"]
[EventDate "2016.10.04"]
[EventType "swiss (blitz)"]
[EventRounds "22"]
[EventCountry "RUS"]
[SourceTitle "EXT 2017"]
[Source "ChessBase"]
[SourceDate "2016.10.25"]
[SourceVersion "1"]
[SourceVersionDate "2016.10.25"]
[SourceQuality "1"]

1. e4 e6 2. d4 d5 3. Nc3 Nf6 4. Bg5 Bb4 5. e5 h6 6. Bc1 Ne4 7. Qg4 Kf8 8. a3
Bxc3+ 9. bxc3 c5 10. Bd3 Qa5 11. Ne2 h5 12. Qf3 cxd4 13. Bxe4 dxe4 14. Qxe4 Nc6
15. Bf4 Bd7 16. O-O Rc8 17. cxd4 Ne7 18. Rfd1 Bc6 19. Qe3 Qd5 20. f3 Nf5 21.
Qf2 h4 22. Bd2 h3 23. Bb4+ Kg8 24. Nf4 Qc4 25. Nxh3 Rxh3 26. gxh3 Qd5 27. Rd3
Bb5 28. Rd2 Bc6 29. Rc1 Nh4 30. Qxh4 Qxf3 31. Rf1 Qh1+ 32. Kf2 Qf3+ 33. Ke1
Qe3+ 34. Re2 1-0

[Event "RUS-ch blitz (Women)"]
[Site "Sochi"]
[Date "2016.10.04"]
[Round "10.3"]
[White "Gubernatorova, Lyudmila"]
[Black "Kosteniuk, Alexandra"]
[Result "0-1"]
[WhiteElo "2200"]
[BlackElo "2537"]
[PlyCount "72"]
[EventDate "2016.10.04"]
[EventType "swiss (blitz)"]
[EventRounds "22"]
[EventCountry "RUS"]
[SourceTitle "EXT 2017"]
[Source "ChessBase"]
[SourceDate "2016.10.25"]
[SourceVersion "1"]
[SourceVersionDate "2016.10.25"]
[SourceQuality "1"]

1. d4 Nf6 2. c4 Nc6 3. Nf3 e6 4. a3 d6 5. Nc3 g6 6. e4 Bg7 7. Be2 O-O 8. O-O
Re8 9. Bg5 h6 10. Bh4 e5 11. d5 Nd4 12. Bxf6 Nxe2+ 13. Qxe2 Qxf6 14. b4 Qe7 15.
Rac1 b6 16. c5 a5 17. cxb6 cxb6 18. b5 Bd7 19. a4 Rac8 20. Na2 f5 21. Nd2 h5
22. Rc6 Bxc6 23. bxc6 Rf8 24. Nc4 fxe4 25. Nc3 e3 26. Qxe3 Rf4 27. Nxb6 Rcf8
28. Nb5 Bh6 29. Qh3 R4f5 30. c7 e4 31. c8=Q Rxc8 32. Nxc8 Qe5 33. Ncxd6 e3 34.
Nxf5 exf2+ 35. Kh1 Qe2 36. Nxh6+ Kh7 0-1

[Event "RUS-ch blitz (Women)"]
[Site "Sochi"]
[Date "2016.10.04"]
[Round "11.2"]
[White "Pogonina, Natalija"]
[Black "Kosteniuk, Alexandra"]
[Result "1-0"]
[WhiteElo "2484"]
[BlackElo "2537"]
[PlyCount "83"]
[EventDate "2016.10.04"]
[EventType "swiss (blitz)"]
[EventRounds "22"]
[EventCountry "RUS"]
[SourceTitle "EXT 2017"]
[Source "ChessBase"]
[SourceDate "2016.10.25"]
[SourceVersion "1"]
[SourceVersionDate "2016.10.25"]
[SourceQuality "1"]

1. d4 Nf6 2. c4 e6 3. Nf3 b6 4. g3 Bb7 5. Bg2 Be7 6. O-O O-O 7. Re1 d5 8. cxd5
exd5 9. Nc3 c5 10. b3 Re8 11. Bb2 Nbd7 12. e3 cxd4 13. exd4 Rc8 14. Ne5 Bb4 15.
Re3 Nxe5 16. dxe5 d4 17. Rd3 Bxg2 18. Rxd4 Qc7 19. Rxb4 Qxe5 20. Kxg2 Rxc3 21.
Bxc3 Qxc3 22. Rd4 Qc6+ 23. Qf3 Qc7 24. Rad1 h6 25. h3 Qe7 26. R1d3 Rc8 27. Rc4
Rf8 28. Re3 Qa3 29. Ra4 Qc5 30. Rxa7 Nh7 31. Rc3 Qe5 32. h4 Nf6 33. Rcc7 g5 34.
hxg5 hxg5 35. Rc6 Ne4 36. Ra4 Nc5 37. Rg4 Ne6 38. Rxb6 Rd8 39. Re4 Qd5 40. Re3
Qd4 41. Rb7 Qg7 42. Rxe6 1-0

[Event "RUS-ch blitz (Women)"]
[Site "Sochi"]
[Date "2016.10.04"]
[Round "12.2"]
[White "Kosteniuk, Alexandra"]
[Black "Pogonina, Natalija"]
[Result "1-0"]
[WhiteElo "2537"]
[BlackElo "2484"]
[PlyCount "125"]
[EventDate "2016.10.04"]
[EventType "swiss (blitz)"]
[EventRounds "22"]
[EventCountry "RUS"]
[SourceTitle "EXT 2017"]
[Source "ChessBase"]
[SourceDate "2016.10.25"]
[SourceVersion "1"]
[SourceVersionDate "2016.10.25"]
[SourceQuality "1"]

1. e4 e5 2. Nf3 Nc6 3. Bc4 Bc5 4. c3 Nf6 5. d3 O-O 6. O-O d6 7. Bg5 Be6 8. Nbd2
a6 9. a4 Qe7 10. b4 Bb6 11. Qb3 h6 12. Bh4 g5 13. Bg3 Nh5 14. Kh1 Kh8 15. Rae1
Nf4 16. d4 exd4 17. cxd4 Nxd4 18. Qc3 c5 19. Nxd4 cxd4 20. Qb3 Qf6 21. a5 Ba7
22. b5 Bc5 23. e5 dxe5 24. Ne4 Qe7 25. bxa6 bxa6 26. Bxe6 fxe6 27. Nxc5 Qxc5
28. Bxf4 Rxf4 29. Qxe6 Qf8 30. Qxe5+ Qf6 31. Qxf6+ Rxf6 32. Rd1 Rd8 33. Rd2 Rf5
34. Ra1 Rdd5 35. h4 gxh4 36. Kh2 Kg7 37. Kh3 Rh5 38. Ra4 Rxa5 39. Rdxd4 Rxa4
40. Rxa4 a5 41. f3 Kg6 42. f4 Kf6 43. Kg4 Kg6 44. Rc4 Rb5 45. Rc6+ Kg7 46. Kxh4
a4 47. Ra6 Rb4 48. g3 Rc4 49. Kg4 Rb4 50. Kf5 Rb5+ 51. Ke4 Rb4+ 52. Ke5 Rb5+
53. Ke4 Rb4+ 54. Kf3 Rb3+ 55. Kg4 Rb4 56. Ra5 Kg6 57. Kh4 Rc4 58. Ra6+ Kg7 59.
Kh5 Rc5+ 60. Kg4 Rc4 61. Kf5 Rc5+ 62. Ke6 Rc6+ 63. Rxc6 1-0

[Event "RUS-ch blitz (Women)"]
[Site "Sochi"]
[Date "2016.10.04"]
[Round "13.1"]
[White "Kosteniuk, Alexandra"]
[Black "Charochkina, Daria"]
[Result "0-1"]
[WhiteElo "2537"]
[BlackElo "2366"]
[PlyCount "136"]
[EventDate "2016.10.04"]
[EventType "swiss (blitz)"]
[EventRounds "22"]
[EventCountry "RUS"]
[SourceTitle "EXT 2017"]
[Source "ChessBase"]
[SourceDate "2016.10.25"]
[SourceVersion "1"]
[SourceVersionDate "2016.10.25"]
[SourceQuality "1"]

1. e4 c5 2. Nf3 Nc6 3. d4 cxd4 4. Nxd4 e6 5. Nc3 d6 6. Be3 Nf6 7. Be2 Be7 8.
O-O O-O 9. f4 Qc7 10. Kh1 a6 11. Qe1 Nxd4 12. Bxd4 b5 13. a3 Bb7 14. Qg3 Bc6
15. Rad1 Rfe8 16. Bf3 Qb7 17. b4 Rad8 18. e5 dxe5 19. fxe5 Nd5 20. Ne4 Ne3 21.
Nf6+ Bxf6 22. Bxc6 Nxf1 23. Rxf1 Qxc6 24. exf6 g6 25. Qe3 Qd6 26. Qh6 Qf8 27.
Qh4 h5 28. Qf4 e5 29. Bxe5 Rd5 30. Re1 Re6 31. h3 Kh7 32. Bc3 Rxe1+ 33. Bxe1
Rd1 34. Qe4 Qd6 35. Kg1 Qxf6 36. Qe2 Qd4+ 37. Kf1 Qf6+ 38. Kg1 Qd4+ 39. Kf1
Qf6+ 40. Kg1 Qd6 41. Qf2 Qd7 42. Kh2 Qc7+ 43. Kg1 Qe7 44. Kf1 f5 45. h4 Qe6 46.
Qg3 f4 47. Qf2 Qc4+ 48. Qe2 Qxe2+ 49. Kxe2 Ra1 50. Bd2 Rxa3 51. Bxf4 Rc3 52.
Kd2 Rc4 53. g3 Rxb4 54. Kc3 Rc4+ 55. Kb3 a5 56. Bd2 a4+ 57. Kb2 b4 58. Be1 Kg7
59. Bf2 Kf6 60. Be3 Ke5 61. Bd2 Ke4 62. Bf4 Kf3 63. Bd6 Ke2 64. Kb1 Kd1 65. Be7
Kd2 66. Bd6 Kd1 67. Be7 a3 68. Bd6 Rxc2 0-1

[Event "RUS-ch blitz (Women)"]
[Site "Sochi"]
[Date "2016.10.04"]
[Round "14.1"]
[White "Charochkina, Daria"]
[Black "Kosteniuk, Alexandra"]
[Result "1/2-1/2"]
[WhiteElo "2366"]
[BlackElo "2537"]
[PlyCount "105"]
[EventDate "2016.10.04"]
[EventType "swiss (blitz)"]
[EventRounds "22"]
[EventCountry "RUS"]
[SourceTitle "EXT 2017"]
[Source "ChessBase"]
[SourceDate "2016.10.25"]
[SourceVersion "1"]
[SourceVersionDate "2016.10.25"]
[SourceQuality "1"]

1. d4 Nf6 2. c4 Nc6 3. Nf3 e6 4. a3 d6 5. Nc3 g6 6. g3 Bg7 7. Bg2 O-O 8. O-O
Re8 9. e4 e5 10. Be3 Ng4 11. d5 Nxe3 12. fxe3 Nb8 13. b4 Nd7 14. Rc1 b6 15. Nd2
a5 16. Qf3 Qe7 17. Nb5 Nf6 18. h3 Rf8 19. Rc2 axb4 20. axb4 Ne8 21. Rfc1 f5 22.
Qe2 f4 23. g4 fxe3 24. Qxe3 Rf4 25. c5 bxc5 26. bxc5 Ba6 27. cxd6 cxd6 28. Nc7
Nxc7 29. Rxc7 Qf8 30. Nf3 Rc8 31. Qa7 Rxf3 32. Bxf3 Bh6 33. Qxa6 Rxc7 34. Rxc7
Qxf3 35. Qc8+ Bf8 36. Qe6+ Kh8 37. Qf7 Qg3+ 38. Kf1 Qxh3+ 39. Ke1 Qh1+ 40. Ke2
Qxe4+ 41. Kd1 Qxg4+ 42. Kc2 Qf5+ 43. Qxf5 gxf5 44. Kd3 Kg8 45. Ke3 h5 46. Kf3
h4 47. Kg2 e4 48. Kh3 e3 49. Kxh4 Bg7 50. Kg3 Be5+ 51. Kf3 f4 52. Rd7 Kf8 53.
Rc7 1/2-1/2

[Event "RUS-ch blitz (Women)"]
[Site "Sochi"]
[Date "2016.10.04"]
[Round "15.2"]
[White "Tomilova, Elena"]
[Black "Kosteniuk, Alexandra"]
[Result "0-1"]
[WhiteElo "2309"]
[BlackElo "2537"]
[PlyCount "80"]
[EventDate "2016.10.04"]
[EventType "swiss (blitz)"]
[EventRounds "22"]
[EventCountry "RUS"]
[SourceTitle "EXT 2017"]
[Source "ChessBase"]
[SourceDate "2016.10.25"]
[SourceVersion "1"]
[SourceVersionDate "2016.10.25"]
[SourceQuality "1"]

1. c4 Nf6 2. g3 e6 3. Bg2 d5 4. Nf3 Be7 5. b3 O-O 6. Bb2 b6 7. O-O Bb7 8. d3 c5
9. cxd5 Nxd5 10. Nbd2 Nc6 11. Nc4 b5 12. Nce5 Nxe5 13. Nxe5 Bf6 14. Qd2 Rc8 15.
a3 Qe7 16. Rac1 Rfd8 17. Nf3 Bxb2 18. Qxb2 Nb6 19. Rfd1 Bd5 20. Nd2 Qb7 21.
Bxd5 exd5 22. Nf3 d4 23. b4 Na4 24. Qd2 Nc3 25. Re1 cxb4 26. axb4 Qd5 27. Qf4
h6 28. e4 dxe3 29. Rxe3 g5 30. Qf6 Rc6 31. Qe7 Ne2+ 32. Rxe2 Rxc1+ 33. Kg2 Qxd3
34. Ne5 Qd5+ 35. f3 Rc3 36. Qf6 Re8 37. Kh3 Qe6+ 38. Qxe6 Rxe6 39. Kg4 f6 40.
Kf5 Rxe5+ 0-1

[Event "RUS-ch blitz (Women)"]
[Site "Sochi"]
[Date "2016.10.04"]
[Round "16.2"]
[White "Kosteniuk, Alexandra"]
[Black "Tomilova, Elena"]
[Result "1/2-1/2"]
[WhiteElo "2537"]
[BlackElo "2309"]
[PlyCount "86"]
[EventDate "2016.10.04"]
[EventType "swiss (blitz)"]
[EventRounds "22"]
[EventCountry "RUS"]
[SourceTitle "EXT 2017"]
[Source "ChessBase"]
[SourceDate "2016.10.25"]
[SourceVersion "1"]
[SourceVersionDate "2016.10.25"]
[SourceQuality "1"]

1. e4 e6 2. d4 d5 3. Nc3 Nf6 4. Bg5 Bb4 5. e5 h6 6. Bc1 Ne4 7. Qg4 Kf8 8. a3
Bxc3+ 9. bxc3 c5 10. Bd3 Nxc3 11. dxc5 Nc6 12. Nf3 d4 13. O-O Qd5 14. Re1 Qxc5
15. a4 Kg8 16. Ba3 Qd5 17. Bd6 Bd7 18. Nd2 h5 19. Qh4 Qa5 20. Nf3 Qd8 21. Ng5
a5 22. Qf4 Be8 23. Bc4 Rc8 24. Nxe6 fxe6 25. Bxe6+ Kh7 26. Bxc8 Qxc8 27. e6 Bg6
28. Bc5 Qd8 29. e7 Qd5 30. Ba3 Re8 31. h3 Bxc2 32. Rac1 Bg6 33. Qd2 Ne4 34. Qb2
d3 35. Rcd1 d2 36. Re2 Nxe7 37. f3 Nc5 38. Rexd2 Qc6 39. Qe5 b6 40. Rd6 Qxa4
41. Bxc5 bxc5 42. Qxc5 Nf5 43. R6d2 Qb4 1/2-1/2

[Event "RUS-ch blitz (Women)"]
[Site "Sochi"]
[Date "2016.10.04"]
[Round "17.3"]
[White "Kosteniuk, Alexandra"]
[Black "Bodnaruk, Anastasia"]
[Result "0-1"]
[WhiteElo "2537"]
[BlackElo "2463"]
[PlyCount "82"]
[EventDate "2016.10.04"]
[EventType "swiss (blitz)"]
[EventRounds "22"]
[EventCountry "RUS"]
[SourceTitle "EXT 2017"]
[Source "ChessBase"]
[SourceDate "2016.10.25"]
[SourceVersion "1"]
[SourceVersionDate "2016.10.25"]
[SourceQuality "1"]

1. e4 c5 2. c3 Nf6 3. e5 Nd5 4. Nf3 Nc6 5. Bc4 Nb6 6. Bb3 c4 7. Bc2 d5 8. exd6
Qxd6 9. O-O Bg4 10. h3 Bh5 11. Re1 e6 12. b3 O-O-O 13. Qe2 Bxf3 14. Qxf3 Ne5
15. Qe4 Nd3 16. Bxd3 Qxd3 17. Qf4 Rd7 18. bxc4 Nxc4 19. Re4 Nb6 20. a4 Bd6 21.
Qe3 Qc2 22. Qe1 e5 23. a5 Nd5 24. Na3 Qd3 25. Nc4 Nf4 26. Nb2 Qd5 27. d4 Nxg2
28. c4 Nxe1 29. cxd5 Nf3+ 30. Kg2 Nxd4 31. Nc4 f6 32. Be3 Bc5 33. Rc1 Rxd5 34.
f4 Rhd8 35. fxe5 fxe5 36. Rxe5 Rxe5 37. Nxe5 b6 38. axb6 axb6 39. Nd3 Ne2 40.
Rc2 Rxd3 41. Bxc5 Nf4+ 0-1

[Event "RUS-ch blitz (Women)"]
[Site "Sochi"]
[Date "2016.10.04"]
[Round "18.3"]
[White "Bodnaruk, Anastasia"]
[Black "Kosteniuk, Alexandra"]
[Result "1-0"]
[WhiteElo "2463"]
[BlackElo "2537"]
[PlyCount "134"]
[EventDate "2016.10.04"]
[EventType "swiss (blitz)"]
[EventRounds "22"]
[EventCountry "RUS"]
[SourceTitle "EXT 2017"]
[Source "ChessBase"]
[SourceDate "2016.10.25"]
[SourceVersion "1"]
[SourceVersionDate "2016.10.25"]
[SourceQuality "1"]

1. e4 e5 2. Nf3 Nc6 3. Bb5 a6 4. Ba4 Nf6 5. O-O Be7 6. Re1 b5 7. Bb3 O-O 8. a4
b4 9. a5 d6 10. d3 Be6 11. Nbd2 Bxb3 12. Nxb3 d5 13. Qe2 d4 14. Nbd2 Re8 15.
Nc4 Bf8 16. Bg5 h6 17. Bd2 Rb8 18. g3 Rb5 19. Nh4 g6 20. Ng2 b3 21. c3 dxc3 22.
bxc3 Qd7 23. Nge3 Rd8 24. Nb2 Nxe4 25. c4 Rbb8 26. Nd5 Nxg3 27. hxg3 Qd6 28.
Bc3 Bg7 29. Rad1 Rd7 30. Qf3 f5 31. Qe2 Rf8 32. f4 exf4 33. Bxg7 Rxg7 34. Nxf4
Re7 35. Qg2 Ne5 36. d4 Ng4 37. Qd5+ Qxd5 38. Nxd5 Rd7 39. Nf4 Kf7 40. d5 Nf6
41. Ne6 Rb8 42. Nc5 Rd6 43. Re6 Ne4 44. Nxe4 fxe4 45. Rf1+ Kg8 46. Rxe4 c6 47.
Re6 Rxe6 48. dxe6 Kg7 49. Rf7+ Kg8 50. Rc7 Rd8 51. Rd7 Re8 52. Rd6 Rc8 53. Kf2
Kf8 54. Ke3 Ke7 55. c5 h5 56. Ke4 g5 57. Ke5 Rc7 58. Rd3 Rb7 59. Rf3 Ke8 60.
Kd6 h4 61. gxh4 gxh4 62. Kxc6 Rh7 63. Rh3 Ke7 64. Kb6 Kxe6 65. c6 Kf5 66. c7
Kg4 67. Rxb3 h3 1-0